Gone with the Wind / (Record no. 109114)
[ view plain ]
| 000 -LEADER | |
|---|---|
| fixed length control field | 00402nam a2200145 a 4500 |
| 005 - DATE AND TIME OF LATEST TRANSACTION | |
| control field | 20140414093838.0 |
| 008 - FIXED-LENGTH DATA ELEMENTS--GENERAL INFORMATION | |
| fixed length control field | 030923s19uu xx 00 eng d |
| 050 ## - LIBRARY OF CONGRESS CALL NUMBER | |
| Classification number | VCD 791.43 |
| Item number | GON 1999 |
| 100 ## - MAIN ENTRY--PERSONAL NAME | |
| Personal name | Selznick's, David O. |
| 245 ## - TITLE STATEMENT | |
| Title | Gone with the Wind / |
| Statement of responsibility, etc | David O. Selznick's, Margaret Mitchell's. |
| 500 ## - GENERAL NOTE | |
| General note | (Disc 1, 2, 3, 4) |
| 650 ## - SUBJECT ADDED ENTRY--TOPICAL TERM | |
| Topical term or geographic name as entry element | Motion picture. |
| 942 ## - ADDED ENTRY ELEMENTS (KOHA) | |
| Koha item type | Audio Visual Materials |
| Withdrawn status | Lost status | Damaged status | Home library | Current library | Shelving location | Date acquired | Source of acquisition | Cost, normal purchase price | Total Checkouts | Full call number | Barcode | Date last seen | Price effective from | Koha item type |
|---|---|---|---|---|---|---|---|---|---|---|---|---|---|---|
| Luxembourg Library | Luxembourg Library | Audio Visual Material Section | 09/23/2003 | 250.00 | VCD 791.43 GON 1999 | AV0725 | 04/14/2014 | 04/14/2014 | Audio Visual Materials |